000 00690nam a22002297a 4500
999 _c3704
_d3704
001 19847
003 BD-DhUAP
005 20210130141009.0
008 200311s2004 ii a|||| b||| 001 0 eng d
020 _a8174731253
040 _aBD-DhUAP
_bEng
_cBD-DhUAP
_dBD-DhUAP
082 _223
_a942 THO
100 _aThorn, John.
245 _aA history of England /
_cJohn Thorn, Roger Lockyer and David Smith.
260 _aNew Delhi :
_bA. I. T. B. S. publishers,
_cc2004.
300 _a600 pages :
_billustrations ;
_c22 cm.
504 _aIncludes bibliographies and index.
651 _aGreat Britain
_vHistory.
700 _aLockyer, Roger.
700 _aSmith, David.
942 _2ddc
_cBK